000 01309nam a2200337 i 4500
003 EG-GICUC
005 20260121101733.0
008 260118s1971 ua ||||fr|||| 00| 0 ara d
040 _a EG-GICUC
_bara
_c EG-GICUC
_d EG-GICUC
_erda
041 _aara
082 0 4 _221
_a345.2
_bت ن
092 0 4 _221
099 _aLaw1 07 345.2 ت ن 1971
245 1 0 _aتنظيم و إدارة المشروعات العامة في الدول النامية /
_cترجمة محمد عبد السميع علي
264 1 _aالقاهرة:
_bالمنظمة العربية للعلوم الإدارية ،
_c1971.
300 _a268؛صفحة
_c24 سم
336 _2rda content
_atext
337 _2rda media
_aComputer
338 _2rda carrier
_aOnline Resource
490 _aسلسلة الفكر الإداري المعاصر
_v14
504 _aيشتمل على إرجاعات ببليوجرافية.
546 _aالنص باللغة العربية
650 1 _aالقانون الإداري
_2qrmak
650 1 _aالتنظيم الإداري
651 1 _2qrmak
700 _aمحمد عبد السميع علي
_eمترجم.
700 _aمصطفي ابو الفتوح
_eمراجع.
856 4 0 _uhttps://fll.law.cu.edu.eg/fulltext/bks/B07-00099.pdf
905 _a74
942 _2ddc
_n0
_cBK
_e21
999 _c57384
_d57384